| 000 | 00808nam a22002415a 4500 | ||
|---|---|---|---|
| 005 | 20160519105607.0 | ||
| 008 | 160518t2012 nyua fr 001 0 eng d | ||
| 020 | _a9780071768191 | ||
| 020 | _a007176819X | ||
| 040 |
_aEG-ScBUE _beng _cEG-ScBUE _dEG-ScBUE |
||
| 082 | 0 | 4 |
_222 _a615.1 _bDRU |
| 245 | 0 | 0 |
_aDrug information : _ba guide for pharmacists / _ceditors Patrick M. Malone, Karen L. Kier, John E. Stanovich. |
| 250 | _a4th ed. | ||
| 260 |
_aNew York : _bMcGraw Hill Medical, _cc.2012. |
||
| 300 |
_axxiv, 1192 p. : _bill. ; _c24 cm. |
||
| 500 | _aIndex : p. 1157-1192. | ||
| 650 | 7 |
_2BUEsh _940041 _aPharmacy _xInformation services. |
|
| 653 |
_bPPhrm _cMay2016 |
||
| 700 | 1 |
_aMalone, Patrick M. _eeditor. |
|
| 700 | 1 |
_aKier, Karen L. _eeditor. |
|
| 700 | 1 |
_aStanovich, John E. _eeditor. |
|
| 942 | _2ddc | ||
| 999 |
_c21787 _d21759 |
||